15 Państw większych niż Polska - Statystyki

Ogólne statystyki
  • Ten quiz został rozwiązany 2 347 razy
  • Średni wynik to 5 z 15
Statystyki odpowiedzi
rozmiar km2 Kraj % Poprawnych
357 114 Niemcy
94%
450,295 Szwecja
58%
323 802 Norwegia
56%
338 424 Finlandia
53%
377 975 Japonia
35%
438 317 Irak
26%
331 212 Wietnam
21%
446 550 Maroko
20%
406 752 Paragwaj
19%
330 803 Malezja
17%
447 400 Uzbekistan
16%
342 000 Kongo
14%
322 463 Wybrzeże Kości Słoniowej
13%
390 757 Zimbabwe
11%
462 840 Papua-Nowa Gwinea
8%
Nie znaleziono quizów pasujących do podanych kryteriów
Rozkład punktacji
Procent ludzi z każdym wynikiem
Percentyl według liczby udzielonych odpowiedzi
Twoja historia wyników
Nie rozwiązałeś tego quizu